000
00262nam a22001097a 4500
082
_a
160
100
_a
Kiran Pub.
_9
79927
245
_a
SSC Reasoning Solved Paper 2023 12800+
260
_a
Delhi
_b
Kiran Publication
_c
2023
650
_a
Reasoning
_9
207
942
_c
BK
999
_c
66115
_d
66115